000 00978nam a22003137a 4500
003 DO-SdBPM
005 20250605084504.0
008 160622b2010 sp 00| 0 spa d
020 _a9788483652381
040 _aDO-SdBPM
_bspa
_cBPMSU
_erda
082 4 _a813
_bB863c 2011
_222
100 1 _aGruen, Sara
_eautora
245 1 3 _aLa casa de los primates /
_cSara Gruen ; traducción Eva Carballeira
264 _aMadrid :
_bSantillana,
_c2011.
300 _a487 páginas ;
_c23 cm.
336 _atexto
_btxt
_2rdacontent
337 _asin mediacion
_bbn
_2rdamedia
338 _avolumen
_bnc
490 0 _aSuma de letras
534 _pTítulo original:
_tApe House.
590 _aInventariado, 2025/VM
650 7 _aNovela estadounidenses
650 7 _aCientíficos
_vNovela.
650 7 _aSimios
_vNovela
650 7 _aComunicación humano-animal
_vNovela.
700 1 _aCaballeira, Eva,
_etraductor
910 _aVMateo V. Control de calidad. BPMSU
942 _2ddc
_cBK
999 _c10482
_d10482